Biblioteca

Jorge García Usta : 1960-2005 (Registro nro. 61739)

Detalles MARC
000 -LÍDER
Campo fijo de descripción fija 003970000a22001210004500
100 1# - ASIENTO PRINCIPAL--NOMBRE PERSONAL
Nombre personal Tatis Guerra, Gustavo
245 10 - TÍTULO
Título del Material Jorge García Usta : 1960-2005
300 ## - DESCRIPCIÓN FÍSICA
Extensión Vol.0, núm.4 (Enero, 2006), Página 29
500 ## - NOTA GENERAL
Nota General Escritor y periodista.
773 0# - HOST ITEM ENTRY
Title Arcadia / Andrés Felipe Solano, Editor
942 ## - TIPO DE MATERIAL (KOHA)
Tipo de Item KOHA Artículos de Revista
Existencias
Estado de Material Estado de Perdido Estado de Dañado No para Préstamo Colección Biblioteca de Origen Biblioteca Permanente Fecha de Adquisición Total de Préstamos Signatura Topográfica Última vez visto Fecha de Remplazo Tipo de Material
        Colección de Hemeroteca Biblioteca FUSBC Biblioteca FUSBC 26/01/2016   26/01/2016 26/01/2016 Artículos de Revista

Biblioteca FUSBC | Teléfono: (57+4) 349 88 10 Ext. 141| WhatsApp (+57) 3005338115 
E-mail: biblioteca@unisbc.edu.co | Calle 76 87-14 Robledo Palenque, Medellín, Colombia

Con tecnología Koha